000 00582nam a22001935i 4500
001 52957
003 ES-MaACL
005 20250709062530.0
007 t|
008 950907s1875 fr ||||1| fre d
040 _aCAM
_bspa
_cCAM
100 1 _aDomergue, Eugène.
_945106
245 1 0 _aAlmanach illustré des voyages et de la géographie /
_cpar Eugène Domergue.
260 _aParis :
_blibr. Polo,
_c1875 (
_ftyp. de Rouge)
300 _a53 p., [1] h. de map. pleg. :
_bil. ;
_c17 cm.
852 _aES-MaACL
_jFol-Laf-487
942 _2udc
_cPERIODICA
999 _c52957
_d52957